Statystyki dla Neutralne państwa europejskie podczas II wojny światowej

Kliknij tutaj aby rozwiązać quiz!

Ogólne statystyki

  • Ten quiz został rozwiązany 244 razy
  • Średni wynik to 6 z 8

Statystyki odpowiedzi

Państwo% Poprawnych
Szwajcaria
94%
Szwecja
86%
Portugalia
77%
Hiszpania
73%
Watykan
71%
Irlandia
70%
Andora
68%
Liechtenstein
64%

Rozkład punktacji

Percentyl według liczby udzielonych odpowiedzi

Procent ludzi z każdym wynikiem

Twoja historia wyników

Nie rozwiązałeś tego quizu